Statistics for Nearest Continents by Continent

Click here to take the quiz!

General Stats

  • This quiz has been taken 70 times
  • The average score is 7 of 7

Answer Stats

ContinentNearest Continent% Correct
AsiaEurope
100%
EuropeAsia
99%
OceaniaAsia
99%
South AmericaNorth America
99%
North AmericaSouth America
97%
AfricaAsia
96%
AntarcticaSouth America
94%

Score Distribution

Percentile by Number Answered

Percent of People with Each Score

Your Score History

You have not taken this quiz